Normal view
MARC view
Entry Topical Term
001 - CONTROL NUMBER
- control field: 51100
003 - CONTROL NUMBER IDENTIFIER
- control field:
005 - DATE AND TIME OF LATEST TRANSACTION
- control field: 20210601181516.0
008 - FIXED-LENGTH DATA ELEMENTS
- fixed length control field: 210601|| aca||aabn | a|a d
040 ## - CATALOGING SOURCE
- Original cataloging agency:
- Transcribing agency:
150 ## - HEADING--TOPICAL TERM
- Topical term or geographic name entry element: Farmers
- Geographic subdivision: India
670 ## - SOURCE DATA FOUND
- Source citation: Work cat.: (): Three - tier Seminar on Technology for Small Farmersd (1980 Mar 4th, Sep 2-9, UAS, Bangalore) 51098, Technology for small farmers/, 1981
